Normal view
MARC view
- Lal, S
Entry Personal Name
001 - CONTROL NUMBER
- control field: 7304
003 - CONTROL NUMBER IDENTIFIER
- control field: OSt
005 - DATE AND TIME OF LATEST TRANSACTION
- control field: 20250315125116.0
008 - FIXED-LENGTH DATA ELEMENTS
- fixed length control field: 250315|| aca||aabn | a|a d
040 ## - CATALOGING SOURCE
- Original cataloging agency: OSt
- Transcribing agency: OSt
100 ## - HEADING--PERSONAL NAME
- Personal name: Lal, S
670 ## - SOURCE DATA FOUND
- Source citation: Work cat.: (OSt)2080: Raghuvanshi, B S . 682, Course in workshop technology, Vol 2 / , 1993.
